000
00255nam a2200097Ia 4500
001
704840
005
20250826162418.0
008
250824s9999 xx 000 0 und d
245
0
_a
DEDE KORKUT HİKAYELERİ
_c
İBRAHİM DEMİRCİ
260
_b
KÜLTÜR YAYINLARI
999
_c
704840
_d
704840